000 00356cam a22001217a 4500
008 180718b1962 xxu||||| |||| 00| 0 eng d
082 _aQ503x73 W783
100 _aWitte, Edwin E.
245 _aDevelopment of the social security act
_cby Edwin E. Witte
260 _aMadison
_bUnivesity of Wisconsin
_c1962
300 _a220p.
650 _aSocial security act
999 _c433425
_d433425